Από την ιστορία των οικονομικών θεωριών : Τασκένδη 1965
Αποθηκεύτηκε σε:
| Μορφή: | Βιβλίο |
|---|---|
| Γλώσσα: | Greek Russian |
| Δημοσίευση: |
[χ.τ.] :
Πολιτικές και λογοτεχνικές εκδόσεις,
1976.
|
| Θέματα: | |
| Ετικέτες: |
Προσθήκη ετικέτας
Δεν υπάρχουν, Καταχωρήστε ετικέτα πρώτοι!
|
MARC
| LEADER | 00000cam a2200000 a 4500 | ||
|---|---|---|---|
| 001 | 1/114187 | ||
| 008 | 170530s1967####xx | ||| |||| ||gre|| | ||
| 040 | |a GR-MyUa |b gre |c GR-MyUa |e AACR2 | ||
| 041 | 1 | |a gre |h rus | |
| 082 | 7 | |a 335.4 |2 (23) | |
| 245 | 1 | 0 | |a Από την ιστορία των οικονομικών θεωριών : |b Τασκένδη 1965 / |c Ντ. Ντ. Στολιαρόφ. |
| 260 | |a [χ.τ.] : |b Πολιτικές και λογοτεχνικές εκδόσεις, |c 1976. | ||
| 300 | |a 134 σ. ; |c 21 εκ. | ||
| 506 | 1 | |a Μόνο για ανάγνωση. Βρίσκεται σε ειδικό ράφι. Διαθέσιμο εάν ζητηθεί. | |
| 650 | 0 | |a Marxian economics | |
| 852 | |a INST |b LESVOS |e 20170530 |h 335.4 ΑΠΟ |p 005100059523 |q 005100059523 |t BK |y 0 | ||
| 970 | |a Τζαφέρη |b Ευαγγελία |z 30-05-2017 | ||